| 000 | 00832cam a2200265 4500 | ||
|---|---|---|---|
| 001 | J2116 | ||
| 008 | 090401t1994 xxu||||| |||| 00| 0 eng d | ||
| 035 | _a(Sirsi) u47262 | ||
| 041 | _aeng | ||
| 050 | _a690.241 | ||
| 100 | _aBaston-Pitt, Jon | ||
| 245 | 4 | _aThe use of impulse radar in the investigation, restoration and change of use of old buildings. | |
| 260 |
_aAscot, Berks. _bChartered Institute of Building _c1994 |
||
| 300 | _a8p. : ill. ; 30cm. | ||
| 350 | _a0 | ||
| 490 |
_aConstruction Papers _v30 |
||
| 650 | _aBUILDING SURVEYS | ||
| 650 | _aHISTORIC BUILDINGS | ||
| 650 | _aIMPULSE RADAR | ||
| 650 | _aBUILT ENVIRONMENT-BUILDING SURVEYING-STRUCTURAL SURVEYING | ||
| 690 | _aBUILT ENVIRONMENT-BUILDING INSPECTION | ||
| 710 |
_aChartered Institute of Building _92134 |
||
| 942 | _n0 | ||
| 948 | _c04/03/1997 | ||
| 999 |
_c92089 _d92089 |
||